Fundamentals of risk and insurance / (Record no. 387)

000 -LEADER
fixed length control field 01179cam a22003134a 4500
001 - CONTROL NUMBER
control field 15306141
003 - CONTROL NUMBER IDENTIFIER
control field OSt
005 - DATE AND TIME OF LATEST TRANSACTION
control field 20140116120826.0
008 - FIXED-LENGTH DATA ELEMENTS--GENERAL INFORMATION
fixed length control field 080527s2008 njua b 001 0 eng
010 ## - LIBRARY OF CONGRESS CONTROL NUMBER
LC control number 2008273931
020 ## - INTERNATIONAL STANDARD BOOK NUMBER
International Standard Book Number 9780470087534
040 ## - CATALOGING SOURCE
Original cataloging agency DLC
Transcribing agency DLC
Modifying agency DLC
050 00 - LIBRARY OF CONGRESS CALL NUMBER
Classification number HG8051.V35 2008
100 1# - MAIN ENTRY--PERSONAL NAME
Personal name Vaughan, Emmett J.
245 10 - TITLE STATEMENT
Title Fundamentals of risk and insurance /
Statement of responsibility, etc Emmett J. Vaughan and Therese M. Vaughan.
250 ## - EDITION STATEMENT
Edition statement 10th ed.
260 ## - PUBLICATION, DISTRIBUTION, ETC. (IMPRINT)
Place of publication, distribution, etc Hoboken, NJ :
Name of publisher, distributor, etc John Wiley & Sons,
Date of publication, distribution, etc 2008.
300 ## - PHYSICAL DESCRIPTION
Extent xxv, 643 p :
Other physical details col. ill.
504 ## - BIBLIOGRAPHY, ETC. NOTE
Bibliography, etc Includes bibliographical references and index.
650 #0 - SUBJECT ADDED ENTRY--TOPICAL TERM
Topical term or geographic name as entry element Insurance.
650 #0 - SUBJECT ADDED ENTRY--TOPICAL TERM
Topical term or geographic name as entry element Risk (Insurance)
700 1# - ADDED ENTRY--PERSONAL NAME
Personal name Vaughan, Therese M.
856 42 - ELECTRONIC LOCATION AND ACCESS
Materials specified Contributor biographical information
Uniform Resource Identifier <a href="http://www.loc.gov/catdir/enhancements/fy0834/2008273931-b.html">http://www.loc.gov/catdir/enhancements/fy0834/2008273931-b.html</a>
856 42 - ELECTRONIC LOCATION AND ACCESS
Materials specified Publisher description
Uniform Resource Identifier <a href="http://www.loc.gov/catdir/enhancements/fy0834/2008273931-d.html">http://www.loc.gov/catdir/enhancements/fy0834/2008273931-d.html</a>
856 41 - ELECTRONIC LOCATION AND ACCESS
Materials specified Table of contents only
Uniform Resource Identifier <a href="http://www.loc.gov/catdir/enhancements/fy0834/2008273931-t.html">http://www.loc.gov/catdir/enhancements/fy0834/2008273931-t.html</a>
906 ## - LOCAL DATA ELEMENT F, LDF (RLIN)
a 7
b cbc
c origcop
d 3
e ncip
f 20
g y-gencatlg
942 ## - ADDED ENTRY ELEMENTS (KOHA)
Source of classification or shelving scheme
Koha item type Book
Holdings
Withdrawn status Lost status Source of classification or shelving scheme Damaged status Not for loan Home library Current library Date acquired Source of acquisition Total Checkouts Full call number Barcode Date last seen Date checked out Copy number Price effective from Koha item type
          Riara University Library Riara University Library 18/10/2011 Purchase 2 HG8051.V35 2008 534/11 21/07/2015 08/07/2015 C.1 18/10/2011 Book
          Riara University Library Riara University Library 18/10/2011 Purchase   HG8051.V35 2008 535/11 18/10/2011   C.2 18/10/2011 Book
          Riara University Library Riara University Library 18/10/2011 Purchase 1 HG8051.V35 2008 536/11 04/05/2016 04/05/2016 C.3 18/10/2011 Book

Riara University Library,
P.O. Box 49940-00100,
Nairobi, Kenya.